Poetics of Islamic Historiography : Deconstructing Ṭabarī's History /

Offering a new approach to the study of Ṭabarī's History , the most comprehensive historical work written by a classical Muslim historian, this book applies concepts developed by critical theorists and suggests a reading of historiographical material that is not primarily concerned with reconst...

وصف كامل

محفوظ في:

المؤلف الرئيسي: Shoshan, Boaz (مؤلف)

التنسيق: كتاب الكتروني

اللغة: English

منشور في: Leiden; Boston : BRILL, 2004.

سلاسل: Brill Book Archive Part 1, ISBN: 9789004472495.
Islamic History and Civilization ; 53.

الموضوعات:

الوصول للمادة أونلاين: Login to view Source

الوسوم: إضافة وسم

لا توجد وسوم, كن أول من يضع وسما على هذه التسجيلة!

رقم الطلب: DS38.2.T33

LEADER 02509nam a22004691i 4500
001 BRILL9789047405092
003 nllekb
005 20211118221513.0
006 m d
007 cr un uuuua
008 210731s2004 ne sb 001 0 eng d
010 |z  2004062809 
020 |a 9789047405092  |q (electronic book) 
020 |a 9789004137936  |q (print) 
024 7 |a 10.1163/9789047405092  |2 DOI 
035 |a (OCoLC)182530533 
040 |a NL-LeKB  |c NL-LeKB  |e rda 
050 4 |a DS38.2.T33 
072 7 |a HRH  |2 bicssc 
072 7 |a REL  |x 037000  |2 bisacsh 
082 0 4 |a 909/.1/072  |2 23 
100 1 |a Shoshan, Boaz,  |e author. 
245 1 0 |a Poetics of Islamic Historiography :  |b Deconstructing Ṭabarī's History /  |c Boaz Shoshan. 
246 3 |a Deconstructing Ṭabarī's History 
264 1 |a Leiden;   |a Boston :  |b BRILL,  |c 2004. 
300 |a 1 online resource. 
336 |a text  |b txt  |2 rdacontent 
337 |a computer  |b c  |2 rdamedia 
338 |a online resource  |2 rdacarrier 
490 1 |a Brill Book Archive Part 1, ISBN: 9789004472495 
490 1 |a Islamic History and Civilization ;  |v 53 
504 |a Includes bibliographical references and index. 
520 |a Offering a new approach to the study of Ṭabarī's History , the most comprehensive historical work written by a classical Muslim historian, this book applies concepts developed by critical theorists and suggests a reading of historiographical material that is not primarily concerned with reconstructing the facts. The book consists of two parts. Part one exposes the assumptions involved in writing classical Islamic history, especially the mimetic aspiration of the sources and the practice that subverts it. Part two examines in detail four significant events in the history of early Islam and demonstrates how a deconstructionist reading subjects endows these with a considerably different meaning and subjects them to new light. 
588 |a Description based on print version record. 
650 0 |a Historiography. 
776 0 8 |i Print version:  |t Poetics of Islamic Historiography : Deconstructing Ṭabarī's History.  |d Leiden ; Boston : BRILL, 2004  |z 9789004137936  |w (OCoLC)55963290 
830 0 |a Brill Book Archive Part 1, ISBN: 9789004472495. 
830 0 |a Islamic History and Civilization ;  |v 53. 
856 4 |z DOI:   |u http://dx.doi.org/10.1163/9789047405092 
942 |2 lcc  |c EBOOK 
952 |0 0  |1 0  |2 lcc  |4 0  |7 1  |9 22373  |a BRILL  |b BRILL  |d 2021-11-18  |l 0  |r 2021-11-18 00:00:00  |w 2021-11-18  |y EBOOK 
999 |c 39847  |d 39847